000 00836na a2200253 4500
001 21547
003 MIRAKIL
005 20181213154919.0
008 170205b tu 000 0
020 _a9789944895569
040 _aMilas
_btur
_cTR-AnCHP
041 _atur
082 _a706
_bÖ93 2008
090 _a706 Ö93 2008
111 _aÖzerk sanat konseyi 6. Sanatçılar kurultayına doğru-1 Panel-Forum Anayasa ve Sanat
_d8 Ocak 2008
245 _aÖzerk sanat konseyi 6. Sanatçılar kurultayına doğru-1
_bAnayasa be Sanat
_cTMMOB mimarlar odası
246 _aAnayasa ve sanat
260 _aİstanbul
_bTMMOB Mimarlar Odası
_c2008
300 _a104 s.
_c24 sm.
500 _aYapıt yazarından imzalıdır.
650 _aAnayasa ve sanat
_xToplantılar
650 _aSanatçılar
_xToplantılar
942 _2ddc
_cBKS
999 _c3083
_d3083